000 01974nam a2200277 4500
003 NALT
005 20251118154400.0
008 251112b th ||||| |||| 00| 0 tha d
020 _a9786161617974
040 _aNALT
090 _aKS 31
_bส747ป 2562
110 2 _aมหาวิทยาลัยสุโขทัยธรรมาธิราช.
_bสาขาวิชานิติศาสตร์
_915895
245 1 0 _aประมวลสาระชุดวิชา กฎหมายแพ่ง ลักษณะสัญญา ลักษณะละเมิด และลักษณะหุ้นส่วนบริษัทชั้นสูง หน่วยที่ 12-13 /
_cสาขาวิชานิติศาสตร์ มหาวิทยาลัยสุโขทัยธรรมาธิราช.
250 _aพิมพ์ครั้งที่ 1 (ฉบับปรับปรุงครั้งที่ 1).
260 _aนนทบุรี :
_bสำนักพิมพ์มหาวิทยาลัยสุโขทัยธรรมาธิราช,
_c2562.
300 _a1 เล่ม :
_bภาพประกอบ, ตาราง ;
_c26 ซม.
505 2 _aหน่วยที่ 12 ทฤษฎีกฎหมายหุ้นส่วนและบริษัท (1) -- หน่วยที่ 13 ทฤษฎีกฎหมายหุ้นส่วนและบริษัท (2).
650 4 _aกฎหมายแพ่ง
_91646
650 4 _aกฎหมายแพ่งและพาณิชย์
_xหุ้นส่วนและบริษัท
_958828
650 4 _aกฎหมายแพ่งและพาณิชย์
_xละเมิด
_93009
942 _2local
_cLB
996 _ajidapa.t
_bACQSTF
_c2025-11-11
996 _avaree.k
_bLIBSTF
_c2025-11-13
996 _asaiphon.d
_bCATSTF
_c2025-11-18
999 _c107481
_d107481
998 _j104
_k นางสาวสายฝน ดีงาม